| 000 | 00983nam a22001937a 4500 | ||
|---|---|---|---|
| 999 |
_c64023 _d64023 |
||
| 003 | Ge_BSU | ||
| 005 | 20260311130645.0 | ||
| 008 | 260311s1972 ge ||||| |||| 00| 0 geo d | ||
| 041 | _ageo | ||
| 080 | _a338.45(479.22) :330.341.424(479.22) გ-96 | ||
| 100 |
_aგუნია, ავთანდილ _927112 |
||
| 245 |
_aსაქართველოს სსრ ინდუსტრია / _cავთანდილ გუნია; ეკონომიკისა და სამართლის ინ-ტი. |
||
| 264 |
_aთბილისი : _bმეცნიერება, _c1972. |
||
| 300 |
_a125 გვ. ; _b21 სმ. |
||
| 653 | _aსაქართველოს მრეწველობა. | ||
| 653 | _a საქართველოს ინდუსტრიალიზაცია. | ||
| 710 |
_aეკონომიკისა და სამართლის ინსტიტუტი. _926706 |
||
| 942 |
_2udc _cᲬᲘᲒᲜᲘ |
||